Statistics for Cities in Michigan's Upper Peninsula on a map

Click here to take the quiz!

General Stats

  • This quiz has been taken 141 times
  • The average score is 18 of 41

Answers on the Map

Answers color-coded by a green-red scale on the quiz's map according to % correct below.
 

Answer Stats

PopulationCity/Village% Correct
13,434Sault Ste. Marie
97%
20,866Marquette
96%
11,969Escanaba
85%
7,947Houghton
85%
7,303Iron Mountain
77%
4,906Ironwood
70%
6,395Ishpeming
66%
2,197Munising
65%
7,940Menominee
63%
4,547Hancock
61%
2,328St. Ignace
61%
2,815Iron River
55%
1,842L'Anse
55%
473Mackinac Island
52%
4,628Gladstone
51%
1,397Newberry
49%
2,982Manistique
48%
4,523Negaunee
46%
1,946Baraga
45%
4,940Kingsford
45%
687Calumet
44%
1,250Ontonagon
44%
1,737Bessemer
42%
1,358Crystal Falls
35%
2,755Norway
35%
1,682Wakefield
32%
816Stephenson
30%
405Powers
28%
946Lake Linden
25%
317DeTour Village
23%
211Garden
23%
1,898Laurium
20%
182Carney
17%
845Caspian
15%
144Ahmeek
14%
134Alpha
14%
729South Range
14%
205Chatham
13%
325Gaastra
13%
244Daggett
11%
182Copper City
6%

Score Distribution

Percentile by Number Answered

Percent of People with Each Score

Your Score History

You have not taken this quiz